00357nam a2200133Ia 4500008004100000020001500041082001600056100002200072245002500094260002900119300000800148650006200156650000500218140316s9999 xx 000 0 und d a8185861374 a577bSAT/GR aSatoko,Chatterjee aGreen sprout journey aIndiabEarth Booksc2009 a204 aExploring home-based, ecological activities with children a